Statistiques concernant Les champions et vice-champions de Formule 1 (depuis 2000)

Cliquez ici pour prendre le quiz!

Statistiques générales

  • Ce quiz a été pris 3 856 fois
  • Le résultat moyen est 31 sur 34

Statistiques - réponses

SaisonChampion et vice-champion% Correct
2007Lewis Hamilton (109)
100%
2016Lewis Hamilton (380)
100%
2015Lewis Hamilton (381)
100%
2014Lewis Hamilton (384)
100%
2008Lewis Hamilton (98)
100%
2010Sebastian Vettel (256)
99%
2012Sebastian Vettel (281)
99%
2011Sebastian Vettel (392)
99%
2013Sebastian Vettel (397)
99%
2009Sebastian Vettel (84)
99%
2005Fernando Alonso (133)
98%
2006Fernando Alonso (134)
98%
2013Fernando Alonso (242)
98%
2010Fernando Alonso (252)
98%
2012Fernando Alonso (278)
98%
2000Michael Schumacher (108)
96%
2006Michael Schumacher (121)
96%
2001Michael Schumacher (123)
96%
2002Michael Schumacher (144)
96%
2004Michael Schumacher (148)
96%
2003Michael Schumacher (93)
96%
2014Nico Rosberg (317)
96%
2015Nico Rosberg (322)
96%
2016Nico Rosberg (385)
96%
2007Kimi Räikkönen (110)
91%
2005Kimi Räikkönen (112)
91%
2003Kimi Räikkönen (91)
91%
2011Jenson Button (270)
89%
2009Jenson Button (95)
89%
2008Felipe Massa (97)
78%
2000Mika Häkkinen (89)
70%
2002Rubens Barrichello (77)
50%
2004Rubens Barrichello (91)
50%
2001David Coulthard (65)
41%

Distribution des résultats

Percentile par nombre de réponses

% des personnes avec chaque résultat

Votre développement - résultats

Vous n’avez pas pris ce quiz